Những trắc nghiệm tâm lý T.2 Trắc nghiệm về nhân cách

Giới thiệu các trắc nghiệm nghiên cứu kiểu nhân cách và trắc nghiệm giao tiếp. Trong mỗi kiểu trắc nghiệm đều đề cập đến cơ sở lí luận, mục đích nghiên cứu, nội dung trắc nghiệm, cách xử lí số liệu

Zapisane w:
Opis bibliograficzny
Kolejni autorzy: Ngô Công Hoàn (Chủ biên), Nguyễn Thị Thanh Bình (b.s), Nguyễn Thị Kim Quý (b.s)
Format: Książka
Język:Vietnamese
Wydane: H. Nxb Đại học Sư Phạm 2004
Wydanie:In lần thứ 2, có sửa chữa
Etykiety: Dodaj etykietę
Nie ma etykietki, Dołącz pierwszą etykiete!
Thư viện lưu trữ: Mạng thư viện Đại học Đà Nẵng
LEADER 01485nam a2200337 4500
001 000006132
003 2286
005 20111116151125.0
008 110901s2004 viesd
020 |c 14000 
041 0 |a vie 
082 |a 155.28  |b NG-H 
245 1 0 |a Những trắc nghiệm tâm lý  |c B.s.: Ngô Công Hoàn (ch.b), Nguyễn Thị Thanh Bình, Nguyễn Thị Kim Quy  |n T.2  |p Trắc nghiệm về nhân cách 
250 |a In lần thứ 2, có sửa chữa 
260 |a H.  |b Nxb Đại học Sư Phạm  |c 2004 
300 |a 138tr  |c 20cm 
520 |a Giới thiệu các trắc nghiệm nghiên cứu kiểu nhân cách và trắc nghiệm giao tiếp. Trong mỗi kiểu trắc nghiệm đều đề cập đến cơ sở lí luận, mục đích nghiên cứu, nội dung trắc nghiệm, cách xử lí số liệu 
700 |a Ngô Công Hoàn  |e Chủ biên 
700 |a Nguyễn Thị Thanh Bình  |e b.s 
700 |a Nguyễn Thị Kim Quý  |e b.s 
773 |t Những trắc nghiệm tâm lý  |w 2284 
OWN |a LSP 
AVA |a UDN50  |b LSP  |d 155.28 NG-H  |e available  |t Error 5001 Not defined in file expand_doc_bib_avail.  |f 8  |g 0  |h N  |i 1  |k 1 
999 |a From the UDN01 
AVA |a UDN50  |b LSP  |d 155.28 NG-H  |e available  |t Error 5001 Not defined in file expand_doc_bib_avail.  |f 8  |g 0  |h N  |i 1  |k 1 
TYP |a Monograph 
TYP |a Printed language 
980 |a Mạng thư viện Đại học Đà Nẵng